01382nam a2200349Ia 4500001001200000003000800012006001900020007001500039008004100054020002200095020001800117020002500135020002200160020002500182040002100207035002100228050002500249100002600274245010100300260005700401300002400458490003900482504006600521533015200587650001800739650003800757655002900795700002500824710001700849830004000866856012600906ebr10175216CaPaEBRm u cr cn|||||||||041019s2005 enka fsb 001 0 eng d z0335215033 (hbk.) z9780335228331 z9780335215034 (hbk.) z0335215025 (pbk.) z9780335215027 (pbk.) aCaPaEBRcCaPaEBR a(OCoLC)56804949914aLB2395b.W385 2005eb1 aWatson, David,d1949-10aManaging institutional self-studyh[electronic resource] /cDavid Watson and Elizabeth Maddison. aMaidenhead, England :bOpen University Press,c2005. axix, 189 p. :bill.1 aManaging universities and colleges aIncludes bibliographical references (p. [167]-178) and index. aElectronic reproduction.bPalo Alto, Calif. :cebrary,d2009.nAvailable via World Wide Web.nAccess may be limited to ebrary affiliated libraries. 0aStudy skills. 0aEducation, HigherzGreat Britain. 7aElectronic books.2local1 aMaddison, Elizabeth.2 aebrary, Inc. 0aManaging universities and colleges.40uhttp://site.ebrary.com/lib/rucke/Doc?id=10175216zAn electronic book accessible through the World Wide Web; click to view